Ty spíš... /inc./

Podrobná bibliografia
Hlavný autor: Hamzatov, Rasul, 1923-2003 (Autor)
Ďalší autori: Slobodník, Dušan, 1927-2001 (Prekladateľ)
Médium: Článok
Jazyk:slovenčina
Predmet:

MARC

LEADER 00000nab a2200000 a 4500
001 vtls000089398
003 SK-MaSNL
005 20260303180015.0
008 111103c1981 xo 0 slo
015 |a SNBRB19rr/mm-uuuuu 
035 |a CL0099501 
040 |a SNKBUCL  |b slo  |c SNKBUCL  |e AACR2 
041 0 |a slo 
044 |a xo  |c SK 
080 |a 894.612.4-1  |2 1981 
100 1 |a Hamzatov, Rasul,  |d 1923-2003  |4 aut  |9 158631 
245 1 0 |a Ty spíš... /inc./  |c Rasul Gamzatov ; Dušan Slobodník 
650 0 7 |a básne lyrické  |2 snkbucl  |9 403933 
650 0 7 |a sovietska literatúra  |2 snkbucl  |9 22300 
655 7 |a články z novín a časopisov  |2 snkbucl  |9 267496 
655 7 |a články z odboru literárna veda a krásna literatúra  |2 snkbucl  |9 770045 
700 1 |a Slobodník, Dušan,  |d 1927-2001  |4 trl  |9 103407 
773 0 |t Sovětská literatura  |g Č. 1 (1981), s. 8-9 
850 |a Slovenská národná knižnica v Martine  |a MTA001 
852 |a SNK  |b KIS3GCP 
958 |a RK 
958 |a LX 
992 |a RBX 
999 |c 2104331  |d 2106261